000
00225nam a2200097Ia 4500
008
230915s9999 xx 000 0 und d
050
_a
JC 571. H 86
100
_a
JACQUELINE LANGWITH
245
0
_a
HUMAN RIGHTS
942
_c
BK
999
_c
160592
_d
160592